Biblioteka Instytutu Północnego w Olsztynie

Widok standardowy Widok MARC

Pozycja Corporate Name

Liczba rekordów, w których użyto hasła: 1

001 - Numer kontrolny

  • control field: 39197

003 - Identyfikator numeru kontrolnego

  • control field: NUKAT

005 - Data i czas ostatniej modyfikacji

  • control field: 20260330115509.0

008 - Dane kontrolne kodowane (40 znaków)

  • fixed length control field: 120822n||a|znnaabn |a ana |c

010 ## - Numer kontrolny Biblioteki Kongresu

  • numer kontrolny LC: n 2012128948

024 7# - OTHER STANDARD IDENTIFIER

  • Standard number or code: 296429323
  • Source of number or code: viaf

040 ## - Instytucja sporządzająca rekord

  • inst. przygot. dane do rek. khw: WA U/JPLsynat
  • język haseł przedmiotowych/tezaurus: kaba
  • inst. wprow. rek. khw: WA U/JPL
  • inst. modyf. rek. khw: WR U/hb

110 2# - Hasło - nazwa ciała zbiorowego

  • nazwa ciała zbior. lub geogr. na pocz.: Wydawnictwo LTW.

410 0# - Trop zob. - nazwa ciała zbiorowego

  • nazwa ciała zbior. lub geogr. na pocz.: Maria Jastrzębska, Wydawnictwo LTW.

410 2# - Trop zob. - nazwa ciała zbiorowego

  • nazwa ciała zbior. lub geogr. na pocz.: Literackie Towarzystwo Wydawnicze, Maria Jastrzębska.

410 2# - Trop zob. - nazwa ciała zbiorowego

  • nazwa ciała zbior. lub geogr. na pocz.: Wydawnictwo LTW, Maria Jastrzębska.

410 2# - Trop zob. - nazwa ciała zbiorowego

  • nazwa ciała zbior. lub geogr. na pocz.: Jastrzębska Maria, Wydawnictwo LTW.

410 2# - Trop zob. - nazwa ciała zbiorowego

  • nazwa ciała zbior. lub geogr. na pocz.: LTW.

665 ## - Nota historyczna

  • nota historyczna: Literackie Towarzystwo Wydawnicze, Maria Jastrzębska powstało w 1996.

670 ## - Źródło informacji

  • źródło informacji: Kp. Koncert : opowiadanie cichociemnego / Marek Celt. - Warszawa, 2002.

670 ## - Źródło informacji

  • źródło informacji: BNPol online
  • gdzie znaleziono informację: (Wydawnictwo L.T.W., Maria Jastrzębska)
  • adres internetowy: http://mak.bn.org.pl/cgi-bin/makwww.exe?BM=09&IM=01&WI=83b88736&NU=01&DD=1

670 ## - Źródło informacji

  • źródło informacji: LTW, 22.08.12
  • adres internetowy: http://www.ltw.com.pl/?o_nas=tak

670 ## - Źródło informacji

  • źródło informacji: Kp. Wywiad i kontrwywiad wojskowy II RP / pod redakcją Tadeusza Dubickiego. T. 8. - Łomianki, 2017.
  • gdzie znaleziono informację: (LTW)
Biblioteka Instytutu Północnego, ul. Partyzantów 87, 10-402 Olsztyn, email: biblioteka(at)ip.olsztyn.pl